000 00978pam a2200313 a 4500
001 46708742
003 OCoLC
005 20161227122936.0
008 010104s2001 njua b 001 0 eng
010 _a2001016394
015 _aGBA1-26102
020 _a9781292025810
035 _a.b53987949
040 _aDLC
_cDLC
_dTEF
_dUKM
_dWaOLN
049 _aOSUU
050 0 0 _aTK9145
_b.L28 2001
050 0 0 _aTK9145
_b.L28 2001
082 0 0 _a621.48
_221
_bLJI
100 1 _aLamarsh, John R
_956669
245 1 0 _aIntroduction to nuclear engineering /
_cJohn R. Lamarsh, Anthony J. Baratta
250 _a3rd ed
260 _aUpper Saddle River, N.J. :
_bPrentice Hall,
_cc2001
300 _axv, 783 p. :
_bill. ;
_c25 cm
440 0 _aAddison-Wesley series in nuclear science and engineering
_956670
504 _aIncludes bibliographical references and index
650 0 _aNuclear engineering
_939999
700 1 _aBaratta, Anthony John,
_d1945-
_956671
942 _2ddc
_cBOOK
999 _c39804
_d274304